Sweden Logo Quiz! - Statistics

General Stats
  • This quiz has been taken 802 times
  • The average score is 10 of 19
Answer Stats
Picture Answer % Correct
Ikea
100%
Volvo
99%
Spotify
98%
Skype
94%
H&M
91%
Absolut Vodka
79%
Saab
70%
SKF
41%
Husqvarna
39%
Scandinavian Airlines
38%
Scania
35%
Telia
35%
ABBA
34%
Koenigsegg
34%
Ericsson
32%
Electrolux
28%
Lotus
28%
Stena Line
25%
Sounddrop
2%
No matching quizzes found
Score Distribution
Percent of People with Each Score
Percentile by Number Answered
Your Score History
You have not taken this quiz